000
00209nam a2200097Ia 4500
008
240331s9999 xx 000 0 und d
082
_b
SOC
100
_a
Robertson,I. ed
245
4
_a
The social world
942
_c
L
999
_c
3049
_d
3049